000 01232nam a22004210a 4500
001 PT30326
003 AR-LpoUNG
005 20210202002358.0
008 191001s2006||||ag |||||||||||||||||spa d
040 _aAR-LpoUNG
_bspa
_cAR-LpoUNG
_eaacr
041 _aspa
044 _aag
082 0 _a382.6 637ins
100 1 _aTodesca, Jorge A.
245 1 0 _aInstituciones públicas de apoyo a la competitividad :
_bun análisis de casos
250 _a1ra. ed.
260 _aBuenos Aires :
_bCEPAL,
_c2006.
300 _a114 p. :
_btbls., gráfs.
650 4 _aASPECTOS INDUSTRIALES
650 4 _aDESARROLLO INDUSTRIAL
650 4 _aECONOMIA INDUSTRIAL
650 4 _aESTUDIOS DE CASOS
650 4 _aEXPORTACIONES
650 4 _aFORMACION TECNICA
650 4 _aINVERSIONES
650 4 _aINVESTIGACION
650 4 _aINVESTIGACION Y DESARROLLO
650 4 _aPROGRAMAS DE INVESTIGACION
650 4 _aPROMOCION DE LAS EXPORTACIONES
650 4 _aRECURSOS HUMANOS
650 4 _aTRABAJADORES CALIFICADOS
651 4 _aMundial
700 1 _aBesmedrisnik, Pablo
700 1 _aLarghi, Horacio
710 2 _aComisión Económica para América Latina y el Caribe (Buenos Aires)
905 _a30326
942 _cLIB
999 _c56042
_d56042